Operating Sy ems (Record no. 132745)

000 -LEADER
fixed length control field 00327nam a2200133Ia 4500
008 - FIXED-LENGTH DATA ELEMENTS--GENERAL INFORMATION
fixed length control field 220120s9999||||xx |||||||||||||| ||und||
082 ## - DEWEY DECIMAL CLASSIFICATION NUMBER
Classification number 005.43 DHA
100 ## - MAIN ENTRY--PERSONAL NAME
Personal name Dhamdhere D. M
245 #0 - TITLE STATEMENT
Title Operating Sy ems
250 ## - EDITION STATEMENT
Edition statement 2nd
260 ## - PUBLICATION, DISTRIBUTION, ETC.
Place of publication, distribution, etc. Tata mc graw hill
Name of publisher, distributor, etc. Bangalore
Date of publication, distribution, etc. 2011
300 ## - PHYSICAL DESCRIPTION
Extent XXII,819
Other physical details 0
650 ## - SUBJECT ADDED ENTRY--TOPICAL TERM
Topical term or geographic name entry element HUMANITIES
Holdings
Withdrawn status Lost status Damaged status Not for loan Collection code Home library Current library Date acquired Barcode Date last seen Price effective from Koha item type
        Computer Science and Engineering Central Library Central Library 01/20/2022 ST401 01/20/2022 01/20/2022 Scheduled Tribe Book Bank

Powered by Koha